[Event "Women's Speed Chess Q4"]
[Site "chess.com INT"]
[Date "2020.06.21"]
[Round "5"]
[White "Zavivaeva, Evelina"]
[Black "Meenakshi, Subbaraman"]
[Result "0-1"]
[WhiteTitle "WCM"]
[BlackTitle "WGM"]
[WhiteElo "1619"]
[BlackElo "2171"]
[WhiteFideId "44127839"]
[BlackFideId "5004381"]
[EventDate "2020.06.21"]

1. e4 d6 2. d4 g6 3. Nc3 Bg7 4. Nf3 Nc6 5. Be2 e5 6. dxe5 dxe5 7. Qxd8+ Nxd8 8.
O-O c6 9. Be3 Be6 10. Rad1 f6 11. Rd2 Ne7 12. Rfd1 Nf7 13. Na4 b6 14. c4 O-O 15.
b3 Rfd8 16. Rxd8+ Rxd8 17. Rxd8+ Nxd8 18. c5 b5 19. Nc3 f5 20. a4 f4 21. Bd2 b4
22. Na2 a5 23. Nc1 Nb7 24. Nd3 Bxb3 25. Ndxe5 Nxc5 26. Bc4+ Bxc4 27. Nxc4 Nxa4
28. Bxf4 b3 29. Bd6 Nc8 30. e5 Nc3 31. Nfd2 a4 32. e6 Nxd6 33. Nxd6 Bf8 34. N6c4
Bb4 35. Nb2 Nd5 36. Ndc4 a3 37. Nxa3 Bxa3 0-1

[Event "Women's Speed Chess Q4"]
[Site "chess.com INT"]
[Date "2020.06.21"]
[Round "5"]
[White "Khotenashvili, Bela"]
[Black "Klinova, Masha"]
[Result "1/2-1/2"]
[WhiteTitle "GM"]
[BlackTitle "IM"]
[WhiteElo "2458"]
[BlackElo "2275"]
[WhiteFideId "13602640"]
[BlackFideId "2802015"]
[EventDate "2020.06.21"]

1. Nf3 g6 2. c4 Bg7 3. d4 d6 4. Nc3 Nc6 5. d5 Ne5 6. Nxe5 Bxe5 7. g3 Bg7 8. Bg2
Nf6 9. O-O O-O 10. Rb1 Bd7 11. b4 c6 12. Qb3 Qc7 13. h3 Rfc8 14. Be3 cxd5 15.
Nxd5 Nxd5 16. cxd5 Qc4 17. Qxc4 Rxc4 18. Rfc1 Bb5 19. Bf3 a6 20. a4 Rxc1+ 21.
Rxc1 Bxa4 22. Rc7 Bf6 23. Rxb7 Bb5 24. h4 h5 25. Bb6 Rc8 26. Bc7 Bc3 27. Ba5 Kf8
28. Kf1 Rc4 29. Kg2 Bxb4 30. Rb8+ Kg7 31. Bd8 Rc2 32. Bxe7 Bc5 33. Kf1 Rc1+ 34.
Kg2 Rc2 35. Kf1 Rc1+ 36. Kg2 Rc2 1/2-1/2

[Event "Women's Speed Chess Q4"]
[Site "chess.com INT"]
[Date "2020.06.21"]
[Round "5"]
[White "Narva, Regina"]
[Black "Ziegenfuss, Antonia"]
[Result "1-0"]
[WhiteTitle "WFM"]
[BlackTitle "WFM"]
[WhiteElo "1905"]
[BlackElo "2101"]
[WhiteFideId "4500237"]
[BlackFideId "12962554"]
[EventDate "2020.06.21"]

1. e4 c5 2. Nf3 e6 3. Nc3 d5 4. exd5 exd5 5. d4 Nf6 6. Be2 cxd4 7. Nxd4 Bb4 8.
O-O O-O 9. Bg5 Bxc3 10. bxc3 Nc6 11. Bd3 h6 12. Bh4 Ne5 13. Bf5 Bxf5 14. Nxf5
Ng6 15. Bg3 Qd7 16. Qf3 Rac8 17. Nxh6+ gxh6 18. Qxf6 Qe6 19. Qf3 Qe4 20. Qh5
Rxc3 21. Qxh6 Rxc2 22. Rfe1 Qd4 23. Rad1 Qg7 24. Qh5 Rxa2 25. Qxd5 Qb2 26. h4 b6
27. h5 Ra5 28. Qf3 Nh8 29. Bd6 Rc8 30. Qg4+ 1-0

[Event "Women's Speed Chess Q4"]
[Site "chess.com INT"]
[Date "2020.06.21"]
[Round "5"]
[White "Tarasenka, Aliaksandra"]
[Black "Tomilova, Elena"]
[Result "0-1"]
[WhiteTitle "WFM"]
[BlackTitle "WGM"]
[WhiteElo "2070"]
[BlackElo "2353"]
[WhiteFideId "13514288"]
[BlackFideId "4162340"]
[EventDate "2020.06.21"]

1. e4 e6 2. d4 d5 3. Nc3 Nf6 4. e5 Nfd7 5. f4 c5 6. Nce2 Nc6 7. c3 Qb6 8. Nf3 f6
9. g3 cxd4 10. cxd4 Bb4+ 11. Bd2 O-O 12. a3 Bxd2+ 13. Qxd2 fxe5 14. dxe5 Nc5 15.
Ned4 Ne4 16. Qe3 Qxb2 17. Rd1 Bd7 18. Bh3 Nxd4 19. Nxd4 Qb6 20. O-O Rac8 21. Rb1
Qa6 22. f5 exf5 23. Nxf5 Rce8 24. Rf4 Rxe5 25. Rbf1 Rfe8 26. Nh6+ Qxh6 27. Bxd7
Nf6 28. Qd4 Nxd7 29. Rf7 Qb6 0-1

[Event "Women's Speed Chess Q4"]
[Site "chess.com INT"]
[Date "2020.06.21"]
[Round "5"]
[White "Nandhidhaa, P V"]
[Black "Andriasyan, Siranush"]
[Result "1-0"]
[WhiteTitle "WGM"]
[BlackTitle "WIM"]
[WhiteElo "2365"]
[BlackElo "2298"]
[WhiteFideId "5050847"]
[BlackFideId "13301926"]
[EventDate "2020.06.21"]

1. e4 e5 2. Nf3 Nc6 3. Bb5 Nf6 4. d3 Bc5 5. O-O O-O 6. Bxc6 bxc6 7. Nxe5 d5 8.
d4 Bd6 9. Nxc6 Qe8 10. e5 Qxc6 11. exf6 Bf5 12. Nc3 gxf6 13. Qf3 Be4 14. Nxe4
dxe4 15. Qg4+ Kh8 16. Qf5 Rg8 17. Qxf6+ Rg7 18. Bf4 e3 19. g3 exf2+ 20. Rxf2 Kg8
21. Be5 Bxe5 22. Qxc6 1-0

[Event "Women's Speed Chess Q4"]
[Site "chess.com INT"]
[Date "2020.06.21"]
[Round "5"]
[White "Skuhala, Barbara"]
[Black "Filippova, Margarita"]
[Result "1/2-1/2"]
[WhiteTitle "WFM"]
[BlackTitle "WFM"]
[WhiteElo "2095"]
[BlackElo "1931"]
[WhiteFideId "14605465"]
[BlackFideId "34199680"]
[EventDate "2020.06.21"]

1. e4 Nf6 2. Nc3 e5 3. Nf3 Nc6 4. d4 exd4 5. Nxd4 Bc5 6. Nb3 Bb6 7. Bg5 h6 8.
Bh4 O-O 9. f3 g5 10. Bg3 d5 11. Nxd5 Nxd5 12. Qxd5 Qxd5 13. exd5 Nb4 14. O-O-O
Bf5 15. Nd4 Bxd4 16. Rxd4 Nxc2 17. Rd2 Ne3 18. Bd3 Rad8 19. Bxf5 Nxf5 20. Kb1
Rd7 21. Rc1 Nxg3 22. hxg3 Rfd8 23. Rdc2 Rxd5 24. Rxc7 Rd2 25. Rxb7 Rxg2 26. g4
Rf2 27. Rb3 Rdd2 28. a3 Rd6 29. Rc7 Rf6 30. Rcc3 Kg7 31. Ka2 Kg6 32. a4 Ra6 33.
Ka3 Rf1 34. Kb4 h5 35. gxh5+ Kxh5 36. Kb5 Rf6 37. a5 a6+ 38. Kc5 Re1 39. Rb6
Re5+ 40. Kd4 Rxb6 41. axb6 Rb5 42. Rc6 Rxb2 43. Kc5 f5 44. Rf6 Kh4 45. Kc6 f4
46. Rg6 Kg3 47. Rxg5+ Kxf3 48. b7 Ke4 49. Rg8 f3 50. Re8+ Kf4 51. Rf8+ Ke4 52.
Re8+ Kf4 53. Rf8+ Ke4 54. Re8+ 1/2-1/2

[Event "Women's Speed Chess Q4"]
[Site "chess.com INT"]
[Date "2020.06.21"]
[Round "5"]
[White "Dzagnidze, Nana"]
[Black "Goltseva, Ekaterina"]
[Result "1-0"]
[WhiteTitle "GM"]
[BlackTitle "FM"]
[WhiteElo "2524"]
[BlackElo "2306"]
[WhiteFideId "13601903"]
[BlackFideId "24173770"]
[EventDate "2020.06.21"]

1. c4 Nf6 2. Nf3 e6 3. b3 d5 4. Bb2 c5 5. e3 Nc6 6. cxd5 exd5 7. Bb5 Be7 8. O-O
O-O 9. h3 Qb6 10. Qe2 Bf5 11. d4 a6 12. Bxc6 bxc6 13. Nc3 cxd4 14. Nxd4 Bd7 15.
Qf3 Rfd8 16. Na4 Qa7 17. Nf5 Bxf5 18. Qxf5 c5 19. Rac1 Rac8 20. Rfd1 Rc7 21.
Bxf6 Bxf6 22. Rxd5 Rxd5 23. Qxd5 h6 24. Rxc5 Rd7 25. Rc8+ Kh7 26. Qf5+ g6 27.
Qxf6 1-0

[Event "Women's Speed Chess Q4"]
[Site "chess.com INT"]
[Date "2020.06.21"]
[Round "5"]
[White "Berend, Elvira"]
[Black "Zhukova, Natalia"]
[Result "1-0"]
[WhiteTitle "WGM"]
[BlackTitle "GM"]
[WhiteElo "2326"]
[BlackElo "2328"]
[WhiteFideId "4000510"]
[BlackFideId "14101513"]
[EventDate "2020.06.21"]

1. d4 Nf6 2. c4 c5 3. d5 b5 4. cxb5 a6 5. bxa6 g6 6. Nc3 Bg7 7. e4 O-O 8. Nf3
Qa5 9. Be2 Nxe4 10. O-O Nxc3 11. bxc3 Bxc3 12. Bd2 Bxa6 13. Bxc3 Qxc3 14. Rc1
Qa3 15. Bxa6 Nxa6 16. Qd2 Kg7 17. d6 e6 18. Ne5 f6 19. Nxd7 Rfd8 20. Nb6 Rab8
21. Nc4 Qa4 22. Qe3 Qd7 23. h4 Nb4 24. a3 Nd5 25. Qxc5 Rdc8 26. Qd4 Rc6 27. h5
Rbc8 28. Rc2 Rxd6 29. Nxd6 Rxc2 30. Ne4 Rc7 31. h6+ Kxh6 32. Nxf6 Nxf6 33. Qxf6
Qf7 34. Qh4+ Kg7 35. Re1 Qf6 36. Qe4 Ra7 37. Qe3 Ra6 38. Rc1 Qe7 39. Qe5+ Kh6
40. Qh2+ Kg5 41. Rc3 Ra4 42. Qe5+ 1-0

[Event "Women's Speed Chess Q4"]
[Site "chess.com INT"]
[Date "2020.06.21"]
[Round "5"]
[White "Sukandar, Irine Kharisma"]
[Black "Bulmaga, Irina"]
[Result "1-0"]
[WhiteTitle "IM"]
[BlackTitle "IM"]
[WhiteElo "2413"]
[BlackElo "2440"]
[WhiteFideId "7101937"]
[BlackFideId "13903063"]
[EventDate "2020.06.21"]

1. d4 Nf6 2. Bf4 e6 3. e3 d6 4. Bd3 g6 5. h3 Bg7 6. c4 O-O 7. Nc3 Nbd7 8. Bh2 e5
9. Nge2 c6 10. O-O Qe7 11. b4 d5 12. cxd5 Nxd5 13. Nxd5 cxd5 14. Qb3 e4 15. Bb5
Nb6 16. Nc3 a6 17. Be2 Be6 18. a4 Rac8 19. Rfc1 Qd7 20. a5 Na8 21. Na4 Rc6 22.
Nc5 Qe7 23. b5 axb5 24. Bxb5 Rcc8 25. Bf1 Rfe8 26. Qxb7 Qf8 27. Nxe6 fxe6 28.
Bd6 Qf7 29. Qxc8 Rxc8 30. Rxc8+ Bf8 31. Rxf8+ 1-0

[Event "Women's Speed Chess Q4"]
[Site "chess.com INT"]
[Date "2020.06.21"]
[Round "5"]
[White "Martsynovskaya, Marina"]
[Black "Shvedova, Alexandra"]
[Result "1-0"]
[WhiteTitle "WIM"]
[BlackTitle "WFM"]
[WhiteElo "2046"]
[BlackElo "1994"]
[WhiteFideId "609218"]
[BlackFideId "54154782"]
[EventDate "2020.06.21"]

1. e4 e5 2. Bc4 Nf6 3. d3 c6 4. Nf3 d5 5. exd5 cxd5 6. Bb5+ Bd7 7. Bxd7+ Nbxd7
8. O-O Bd6 9. Re1 O-O 10. Bg5 Qc7 11. h3 Rac8 12. c3 Rfe8 13. Nbd2 Qb6 14. Qb3
Qc7 15. Nh4 h6 16. Be3 Nc5 17. Qc2 Qd7 18. d4 Nce4 19. dxe5 Bxe5 20. Nhf3 Bb8
21. Rad1 Qc7 22. Bd4 Qf4 23. Nf1 a6 24. Ne3 Ng5 25. Nxg5 Qh2+ 26. Kf1 hxg5 27.
Bxf6 gxf6 28. Rxd5 Bf4 29. Qf5 Kg7 30. Qg4 Rc4 31. Nf5+ Kf8 32. Rxe8+ Kxe8 33.
Qe2+ Kf8 34. Rd8# 1-0

[Event "Women's Speed Chess Q4"]
[Site "chess.com INT"]
[Date "2020.06.21"]
[Round "5"]
[White "Daulyte-Cornette, Deimante"]
[Black "Michelle Catherina, P"]
[Result "1/2-1/2"]
[WhiteTitle "IM"]
[BlackTitle "WIM"]
[WhiteElo "2400"]
[BlackElo "2176"]
[WhiteFideId "12802859"]
[BlackFideId "5005736"]
[EventDate "2020.06.21"]

1. e4 e5 2. Bc4 Nc6 3. Nc3 Nf6 4. d3 Na5 5. Bb3 Nxb3 6. axb3 d5 7. Nf3 dxe4 8.
Nxe5 exd3 9. O-O Bd6 10. Nxd3 O-O 11. Bf4 Bg4 12. Qd2 Re8 13. Rfe1 Bxf4 14. Qxf4
Qd7 15. h3 Bh5 16. Rxe8+ Nxe8 17. Ne4 Bg6 18. Ne5 Qe7 19. Ng5 Nf6 20. c4 a6 21.
Rd1 Re8 22. Nxg6 hxg6 23. Nf3 Qb4 24. Qxc7 Qxb3 25. Rd8 Qxb2 26. Rxe8+ Nxe8 27.
Qe7 Qc1+ 28. Kh2 Qf4+ 29. Kg1 Qc1+ 30. Kh2 Qf4+ 31. Kg1 Qc1+ 1/2-1/2

[Event "Women's Speed Chess Q4"]
[Site "chess.com INT"]
[Date "2020.06.21"]
[Round "5"]
[White "Cori T., Deysi"]
[Black "Mkrtchian, Lilit"]
[Result "1-0"]
[WhiteTitle "WGM"]
[BlackTitle "IM"]
[WhiteElo "2388"]
[BlackElo "2388"]
[WhiteFideId "3801934"]
[BlackFideId "13300601"]
[EventDate "2020.06.21"]

1. d4 d5 2. c4 c6 3. Nc3 Nf6 4. e3 e6 5. Nf3 Nbd7 6. Qc2 Bd6 7. Be2 O-O 8. O-O
b6 9. Rd1 Bb7 10. e4 dxe4 11. Nxe4 Nxe4 12. Qxe4 Nf6 13. Qc2 Qc7 14. c5 Be7 15.
Bg5 Rfd8 16. Rac1 bxc5 17. dxc5 Rxd1+ 18. Rxd1 Rd8 19. b4 Nd5 20. a3 f6 21. Bc1
Bf8 22. h4 Bc8 23. h5 Qf7 24. h6 gxh6 25. Nd4 Bd7 26. Rd3 Kh8 27. Rg3 Bg7 28.
Bb2 Nf4 29. Bc4 Qh5 30. Qd2 e5 31. Nxc6 Qe8 32. Nxd8 Qxd8 33. c6 1-0

[Event "Women's Speed Chess Q4"]
[Site "chess.com INT"]
[Date "2020.06.21"]
[Round "5"]
[White "Jakubowska, Anna"]
[Black "Linares Napoles, Oleiny"]
[Result "0-1"]
[WhiteTitle "WIM"]
[BlackTitle "WGM"]
[WhiteElo "2073"]
[BlackElo "2215"]
[WhiteFideId "1121952"]
[BlackFideId "3504794"]
[EventDate "2020.06.21"]

1. e4 d6 2. d4 Nf6 3. Nc3 g6 4. g3 Bg7 5. Bg2 O-O 6. Nge2 c6 7. O-O e5 8. h3 b5
9. a3 a6 10. f4 exd4 11. Nxd4 Bb7 12. Re1 Re8 13. e5 dxe5 14. fxe5 Nd5 15. Nxd5
cxd5 16. e6 fxe6 17. Kh2 e5 18. Nb3 e4 19. Be3 Nd7 20. Bd4 Ne5 21. a4 bxa4 22.
Rxa4 Bc6 23. Ra5 Qd6 24. Nc5 Bb5 25. b3 Rac8 26. c4 dxc4 27. Nxe4 Qxd4 28. Qxd4
Nf3+ 29. Bxf3 Bxd4 30. bxc4 Bxc4 31. Rd1 Be5 32. Rc1 Bb5 33. Rd1 Rc2+ 34. Kh1
Kg7 35. Ra3 Re7 36. Rb3 Rf7 37. Re1 Bd4 38. Ng5 Rd7 39. Rd3 Bf6 40. Rxd7+ Bxd7
41. Ne4 a5 42. Ra1 Bxa1 0-1

[Event "Women's Speed Chess Q4"]
[Site "chess.com INT"]
[Date "2020.06.21"]
[Round "5"]
[White "Khalafova, Narmin"]
[Black "Munkhzul, Davaakhuu"]
[Result "0-1"]
[WhiteTitle "WGM"]
[BlackTitle "WFM"]
[WhiteElo "2279"]
[BlackElo "1991"]
[WhiteFideId "13402625"]
[BlackFideId "4902815"]
[EventDate "2020.06.21"]

1. e4 e5 2. Nf3 Nc6 3. Bb5 a6 4. Ba4 Nf6 5. d3 d6 6. O-O g6 7. c3 Bg7 8. h3 O-O
9. Be3 b5 10. Bc2 d5 11. Nbd2 h6 12. Re1 g5 13. d4 exd4 14. cxd4 dxe4 15. Nxe4
Nd5 16. Nc5 f5 17. Bb3 Kh8 18. Bxg5 hxg5 19. Nxg5 Qxg5 20. Bxd5 Qg6 21. Ne6 Bxe6
22. Rxe6 Rf6 23. Bxc6 Rxe6 24. Bxa8 Rd6 25. Bf3 Rxd4 26. Qe2 Rd8 27. Rc1 Re8 28.
Qc2 Bh6 29. Rd1 Bf4 30. Rd7 Re1# 0-1

[Event "Women's Speed Chess Q4"]
[Site "chess.com INT"]
[Date "2020.06.21"]
[Round "5"]
[White "Soumya, Swaminathan"]
[Black "Vidruska, Renate"]
[Result "1-0"]
[WhiteTitle "IM"]
[BlackTitle "WFM"]
[WhiteElo "2351"]
[BlackElo "2045"]
[WhiteFideId "5016193"]
[BlackFideId "11601841"]
[EventDate "2020.06.21"]

1. Nf3 Nf6 2. c4 e6 3. g3 d5 4. Bg2 Be7 5. O-O O-O 6. b3 c5 7. d3 d4 8. e3 Nc6
9. exd4 Nxd4 10. Bb2 Rb8 11. Nbd2 Qb6 12. Nxd4 cxd4 13. Nf3 Rd8 14. Re1 Bb4 15.
Re2 a5 16. a3 Bc3 17. Bxc3 dxc3 18. Qc2 Qd6 19. d4 b5 20. Qxc3 bxc4 21. bxc4 Ba6
22. Ree1 a4 23. Rab1 Rdc8 24. c5 Rxb1 25. Rxb1 Qd5 26. Ne5 Qa2 27. Rb6 Be2 28.
h3 Nd5 29. Qb2 Qxb2 30. Rxb2 Ba6 31. Bxd5 exd5 32. Rb4 f6 33. Ng4 Be2 34. Kg2
Bd1 35. Ne3 Bb3 36. Rb6 Kf8 37. Rd6 Rb8 38. Nxd5 Bxd5+ 39. Rxd5 Rb3 40. c6 Ke7
41. Rd7+ Ke8 42. d5 Rxa3 43. Rxg7 Kd8 44. d6 Rd3 45. Rg8# 1-0

[Event "Women's Speed Chess Q4"]
[Site "chess.com INT"]
[Date "2020.06.21"]
[Round "5"]
[White "Dauletova, Gulmira"]
[Black "Goryachkina, Aleksandra"]
[Result "0-1"]
[WhiteTitle "WIM"]
[BlackTitle "GM"]
[WhiteElo "2319"]
[BlackElo "2582"]
[WhiteFideId "13702971"]
[BlackFideId "4147103"]
[EventDate "2020.06.21"]

1. e4 e6 2. d4 d5 3. Nd2 Nf6 4. e5 Nfd7 5. Bd3 c5 6. c3 Nc6 7. Ne2 cxd4 8. cxd4
f6 9. exf6 Nxf6 10. Nf3 Bd6 11. O-O O-O 12. Bf4 Bxf4 13. Nxf4 Ne4 14. Ne2 Bd7
15. Ng3 Rf4 16. Bxe4 dxe4 17. Ne5 Nxe5 18. dxe5 Bc6 19. Qc1 Qh4 20. Qe3 a6 21.
Rad1 Raf8 22. Rd2 Qg4 23. Re1 h5 24. h3 Qg6 25. Nf1 Rf3 26. Qd4 Rxh3 27. Ng3 Rh4
28. Qd6 Rg4 29. Kf1 Rxg3 0-1

[Event "Women's Speed Chess Q4"]
[Site "chess.com INT"]
[Date "2020.06.21"]
[Round "5"]
[White "Vijayalakshmi, Subbaraman"]
[Black "Pham, Bich Ngoc"]
[Result "1-0"]
[WhiteTitle "IM"]
[BlackTitle "WIM"]
[WhiteElo "2332"]
[BlackElo "2235"]
[WhiteFideId "5004098"]
[BlackFideId "12401285"]
[EventDate "2020.06.21"]

1. Nf3 g6 2. g3 Bg7 3. Bg2 d6 4. O-O e5 5. d4 Nc6 6. dxe5 Nxe5 7. Nxe5 Bxe5 8.
c4 Ne7 9. Nc3 Bg7 10. Be3 O-O 11. Bd4 f6 12. Nd5 Nc6 13. Bc3 Ne5 14. b3 f5 15.
Rc1 Kh8 16. e3 c6 17. Nf4 Qe7 18. Qd2 Be6 19. Rfd1 Rfd8 20. Qb2 Bg8 21. Rd2 Rd7
22. Rcd1 Rad8 23. h4 Bf7 24. Ne2 Bf6 25. Nf4 Kg7 26. Nd3 Ng4 27. Bxf6+ Qxf6 28.
Qa3 Qe7 29. Qxa7 c5 30. Qa3 h6 31. Qb2+ Kh7 32. Bf3 Nf6 33. Qc2 g5 34. hxg5 hxg5
35. Kg2 Bg6 36. Qc3 g4 37. Rh1+ Kg7 38. Bd5 Kf8 39. Nf4 Bf7 40. Rh2 Bxd5+ 41.
Nxd5 Qe4+ 42. Kg1 Qb1+ 43. Kg2 Qe4+ 44. Kf1 Nh7 45. Qh8+ Kf7 46. Rxh7+ Kg6 47.
Rh6+ Kg5 48. Qf6# 1-0

[Event "Women's Speed Chess Q4"]
[Site "chess.com INT"]
[Date "2020.06.21"]
[Round "5"]
[White "Nurmanova, Alua"]
[Black "Eswaran, Ashritha"]
[Result "0-1"]
[WhiteTitle "WFM"]
[BlackTitle "WIM"]
[WhiteElo "2026"]
[BlackElo "2244"]
[WhiteFideId "13729390"]
[BlackFideId "2080788"]
[EventDate "2020.06.21"]

1. e4 c5 2. Nf3 a6 3. c3 d5 4. exd5 Qxd5 5. d4 g6 6. Nbd2 cxd4 7. Bc4 Qa5 8.
cxd4 Bg7 9. O-O Nf6 10. Nb3 Qc7 11. Qc2 Qd6 12. Ne5 Be6 13. Bxe6 Qxe6 14. Nc5
Qd5 15. Na4 Nbd7 16. Be3 O-O 17. Rac1 b5 18. Nc3 Qd6 19. f4 Nb6 20. Rfd1 Nbd5
21. Qf2 Rac8 22. Nxd5 Nxd5 23. g3 Rfd8 24. Rc5 Nxe3 25. Rxc8 Nxd1 26. Rxd8+ Qxd8
27. Qd2 Bxe5 28. fxe5 Nxb2 29. Qxb2 Qd5 30. Kf2 a5 31. a3 a4 32. Qc3 Kg7 33. Qc5
Qa2+ 34. Kg1 Qb1+ 35. Kg2 Qe4+ 36. Kg1 Qe1+ 37. Kg2 Qe2+ 38. Kg1 e6 39. d5 Qe1+
40. Kg2 Qe4+ 41. Kf1 Qxd5 42. Qc7 Qd3+ 43. Kf2 Qxa3 44. Qd8 Qc5+ 45. Kf3 Qxe5
46. Qd3 Qd5+ 47. Qxd5 exd5 48. Ke3 a3 49. Kd4 a2 50. Kc3 a1=Q+ 0-1

[Event "Women's Speed Chess Q4"]
[Site "chess.com INT"]
[Date "2020.06.21"]
[Round "5"]
[White "Janzelj, Lara"]
[Black "Narva, Mai"]
[Result "0-1"]
[WhiteTitle "WIM"]
[BlackTitle "WIM"]
[WhiteElo "2210"]
[BlackElo "2333"]
[WhiteFideId "14608391"]
[BlackFideId "4500512"]
[EventDate "2020.06.21"]

1. c4 e5 2. g3 Nf6 3. Nc3 c6 4. d4 exd4 5. Qxd4 d5 6. Bg2 Be6 7. cxd5 cxd5 8.
Bg5 Nc6 9. Qa4 Be7 10. Rd1 O-O 11. Nf3 Qb6 12. O-O d4 13. Nb5 Rfd8 14. Nbxd4
Qxb2 15. Nxe6 fxe6 16. Rb1 Qxe2 17. Rxb7 Rac8 18. Re1 Qd3 19. h4 h6 20. Bf4 Bc5
21. Rc1 Ne4 22. Rf1 Nxf2 23. Rxf2 Qe2 24. Kh2 Qxf2 25. Qe4 Nd4 26. Rxg7+ Kxg7
27. Be5+ Kf8 28. Nxd4 Bxd4 29. Qh7 Bxe5 30. Qxh6+ Ke7 31. Qh7+ Kd6 32. Qd3+ Ke7
33. Qh7+ Qf7 34. Qe4 Rd5 35. Qb4+ Bd6 36. Qb7+ Rc7 37. Qb8 Rd2 0-1

[Event "Women's Speed Chess Q4"]
[Site "chess.com INT"]
[Date "2020.06.21"]
[Round "5"]
[White "Sviridova, Vlada"]
[Black "Starosta, Martyna"]
[Result "1-0"]
[WhiteTitle "WFM"]
[BlackTitle "WCM"]
[WhiteElo "2144"]
[BlackElo "2079"]
[WhiteFideId "24109606"]
[BlackFideId "21818754"]
[EventDate "2020.06.21"]

1. d4 Nf6 2. c4 g6 3. Nc3 Bg7 4. e4 d6 5. Nf3 O-O 6. Be2 e5 7. O-O Nc6 8. d5 Ne7
9. Ne1 Nd7 10. Be3 f5 11. f3 f4 12. Bf2 g5 13. Nd3 b6 14. b4 a5 15. a3 axb4 16.
axb4 Rxa1 17. Qxa1 h5 18. c5 bxc5 19. bxc5 Qe8 20. cxd6 cxd6 21. Nb5 Qg6 22. Qa3
Rf6 23. Na7 Kh7 24. Rc1 Rf8 25. Rc7 g4 26. Nxc8 gxf3 27. Bxf3 Rxc8 28. Rxd7 Ng8
29. Qxd6 Nf6 30. Rc7 Rxc7 31. Qxc7 Nxe4 32. Nxe5 Qf5 33. Qc2 Qxe5 34. Qxe4+ Qxe4
35. Bxe4+ Kh6 36. d6 Bf6 37. Bb6 f3 38. gxf3 Kg7 39. d7 1-0

[Event "Women's Speed Chess Q4"]
[Site "chess.com INT"]
[Date "2020.06.21"]
[Round "5"]
[White "Kubicka, Anna"]
[Black "Chitlange, Sakshi"]
[Result "1-0"]
[WhiteTitle "WIM"]
[BlackTitle "WIM"]
[WhiteElo "2256"]
[BlackElo "2167"]
[WhiteFideId "1152254"]
[BlackFideId "35002899"]
[EventDate "2020.06.21"]

1. e4 c6 2. d4 d5 3. e5 c5 4. dxc5 e6 5. Be3 Nd7 6. Bb5 Qa5+ 7. Nc3 a6 8. Bxd7+
Bxd7 9. a3 Qc7 10. Nf3 Bxc5 11. Bxc5 Qxc5 12. O-O Ne7 13. Ne2 Bb5 14. c3 Nf5 15.
Re1 Bxe2 16. Qxe2 O-O 17. Rad1 b5 18. Nd4 Nxd4 19. Rxd4 a5 20. Rh4 g6 21. Qd2 f5
22. exf6 Rxf6 23. Re2 Raf8 24. h3 e5 25. b4 axb4 26. axb4 Qd6 27. Qe3 e4 28. Rd2
Qe5 29. Qc5 Rd6 30. Qc7 Rf7 31. Qc5 Rdd7 32. Rg4 Kg7 33. Rg3 Qf4 34. Re3 Ra7 35.
g3 Qf5 36. Kg2 Ra1 37. Qxb5 Rc1 38. Qc5 h5 39. h4 Ra1 40. b5 Rfa7 41. Qxd5 Qxd5
42. Rxd5 R1a2 43. Rxe4 Rf7 44. Rf4 Re7 45. c4 Rb2 46. Rc5 Ree2 47. Rc6 Rec2 48.
b6 Rb3 49. c5 Rcb2 50. Rc7+ Kh6 51. Rff7 g5 52. Rf6# 1-0

[Event "Women's Speed Chess Q4"]
[Site "chess.com INT"]
[Date "2020.06.21"]
[Round "5"]
[White "Dordzhieva, Dinara"]
[Black "Matveeva, Olga"]
[Result "0-1"]
[WhiteTitle "WIM"]
[BlackTitle "WIM"]
[WhiteElo "2354"]
[BlackElo "2171"]
[WhiteFideId "24157570"]
[BlackFideId "24107018"]
[EventDate "2020.06.21"]

1. d4 Nf6 2. c4 e6 3. Nf3 b6 4. g3 Ba6 5. Bg2 Bb4+ 6. Bd2 Be7 7. Qc2 O-O 8. O-O
d5 9. cxd5 exd5 10. Nc3 Nbd7 11. Ne5 Bb7 12. Rad1 Re8 13. Bf4 a6 14. Rfe1 Rc8
15. Qb3 Nf8 16. e4 Ne6 17. Be3 Nxe4 18. Nxe4 dxe4 19. Bh3 Bd5 20. Qc2 Bf6 21.
Nc6 Qd6 22. Rc1 h6 23. a3 a5 24. b4 axb4 25. axb4 Ra8 26. b5 Ra2 27. Qb1 Ng5 28.
Bg2 Nf3+ 29. Bxf3 exf3 30. Nb4 Ra4 31. Bf4 Qd7 32. Nxd5 Rea8 33. Nxf6+ gxf6 34.
Rxc7 Qh3 35. Rc8+ Rxc8 36. Qe4 Qg2# 0-1

[Event "Women's Speed Chess Q4"]
[Site "chess.com INT"]
[Date "2020.06.21"]
[Round "5"]
[White "Milliet, Sophie"]
[Black "Protopopova, Anastasiya"]
[Result "0-1"]
[WhiteTitle "IM"]
[BlackTitle "WFM"]
[WhiteElo "2401"]
[BlackElo "2192"]
[WhiteFideId "623725"]
[BlackFideId "24172073"]
[EventDate "2020.06.21"]

1. e4 c6 2. d4 d5 3. e5 Bf5 4. Nf3 e6 5. Be2 Ne7 6. c3 Nd7 7. O-O c5 8. dxc5
Nxc5 9. Nd4 Bg6 10. b4 Nd7 11. f4 h5 12. Nd2 Nf5 13. N2b3 Be7 14. Nxf5 Bxf5 15.
Bxh5 Rc8 16. Nd4 g6 17. Nxf5 gxf5 18. Bf3 Rxc3 19. a3 a5 20. Bd2 Rc4 21. Rc1 b5
22. Rxc4 bxc4 23. Bc3 axb4 24. axb4 Qb6+ 25. Kh1 Bxb4 26. Bxb4 Qxb4 27. Qa1 Ke7
28. h3 Rb8 29. Qa6 Qb6 30. Qa3+ Qb4 31. Qa7 Qc5 32. Qa6 c3 33. Rc1 c2 34. Qa4
Rb1 0-1

[Event "Women's Speed Chess Q4"]
[Site "chess.com INT"]
[Date "2020.06.21"]
[Round "5"]
[White "Shafigullina, Zarina"]
[Black "Mudodo, Refiloe Hazel"]
[Result "0-1"]
[WhiteTitle "WFM"]
[BlackTitle "WCM"]
[WhiteElo "2296"]
[BlackElo "1543"]
[WhiteFideId "24174220"]
[BlackFideId "11000821"]
[EventDate "2020.06.21"]

1. d4 d5 2. Nf3 e6 3. g3 Nf6 4. Bg2 Be7 5. O-O O-O 6. c4 c5 7. cxd5 exd5 8. Nc3
Nc6 9. a3 c4 10. Ne5 h6 11. Re1 Be6 12. h3 Re8 13. Nxc6 bxc6 14. e4 dxe4 15.
Nxe4 Qd7 16. Kh2 Nxe4 17. Rxe4 Bd5 18. Re1 Bxg2 19. Kxg2 Qd5+ 20. Qf3 Bf6 21.
Be3 Rab8 22. Rab1 Rb3 23. Rec1 Reb8 24. Rc2 Qxf3+ 25. Kxf3 c3 26. Ke2 cxb2 27.
Rxc6 Rxa3 28. Rc2 Ra2 29. Kd2 a5 30. Kc3 Ra3+ 31. Kd2 Rab3 32. Rc3 R3b4 33. Kd3
a4 34. Ra3 Be7 35. Rc3 R4b5 0-1